000 00555nam a22001937a 4500
005 20241120094717.0
010 _aENG-142430
020 _c150.00
_a8187952374
035 _aEN-125962
037 _bDBAD/PUB
082 _aN
100 _aSarah
_974008
245 _aBetrayal:
_bThe Gift of Love/
_cby Sarah
250 _a1
260 _aKolkata
_bMark -Age Services
_c2014
270 _bKolkata
_aG-1, Ground Floor, 334 Nath Para
_e700084
_k033-24107066
_k09433007066
_mmarkage.india@gmail.com
300 _a214p
_c21 cm(pbk)
942 _2ddc
_cEN
_hN
_mSAR
999 _c206800
_d206800